| 000 | 00906nam a2200313 a 4500 | ||
|---|---|---|---|
| 001 | 000113318 | ||
| 003 | CHAP | ||
| 005 | 20220329144349.0 | ||
| 008 | 170606s2010 mx a |r| ||1|||spa d | ||
| 010 | _a109779 | ||
| 011 | _a110751 | ||
| 020 | _a9786073208321 | ||
| 040 | _cCHAP | ||
| 082 | 0 | 4 |
_a515.83 _bT45 2010 |
| 100 | 0 | 0 |
_aThomas, George B., Jr. _9112827 |
| 245 | 1 | 0 |
_aCálculo : _buna variable / _cpor George B. Thomas. |
| 250 | _a12ed. | ||
| 260 |
_aMéxico : _bPearson Educación, _c2010. |
||
| 300 |
_axviii, 659 p. : _bil. |
||
| 534 |
_pTít. original : _tCalculus, Single Variable |
||
| 590 |
_aE11695DGD _b10 _c20170607 _lUCH01 _h1305 |
||
| 590 |
_aE5765TAJ _b05 _c20170606 _lUCH01 _h0920 |
||
| 650 | 1 | 4 |
_aCálculo de variaciones. _923992 |
| 650 | 1 | 4 |
_aFunciones de variables reales. _943960 |
| 650 | 1 | 4 |
_aGeometría analítica. _947654 |
| 901 | _aBK | ||
| 942 | _cLIBRO | ||
| 942 | _n0 | ||
| 999 |
_c109779 _d109779 |
||